[Event "España ch sub-16 2009"]
[Site "Granada ESP"]
[Date "2009.07.14"]
[Round "2.14"]
[White "Vazquez Torres, Adrian"]
[Black "Sanchez Mas, Carlos"]
[Result "0-1"]
[WhiteElo "2149"]
[BlackElo "1876"]
[PlyCount "108"]
[EventDate "2009.07.14"]
[EventType "swiss"]
[EventRounds "9"]
[EventCountry "ESP"]
[Source "lmi"]
[SourceDate "2009.07.14"]

1. b3 Nf6 2. Bb2 d5 3. e3 c5 4. Nf3 Nc6 5. Bb5 a6 6. Bxc6+ bxc6 7. Ne5 Qd6 8.
O-O g6 9. f4 Bg7 10. Nc3 O-O 11. Na4 Nd7 12. Nxd7 Bxd7 13. Bxg7 Kxg7 14. Qe2
Bf5 15. Rac1 Rfe8 16. g4 Bc8 17. Qf3 e6 18. d3 f5 19. g5 Ra7 20. c4 Rc7 21.
Rfd1 e5 22. fxe5 Qxe5 23. Nxc5 Qxe3+ 24. Qxe3 Rxe3 25. cxd5 f4 26. d6 Rf7 27.
Ne4 Bd7 28. Rd2 Rf5 29. Rc5 Kf7 30. b4 Re1+ 31. Kf2 Rh1 32. Kf3 Rf1+ 33. Rf2
Rd1 34. Rc3 Rd5 35. Ke2 Bg4+ 36. Rf3 Bxf3+ 37. Kxf3 R1xd3+ 38. Rxd3 Rxd3+ 39.
Kxf4 Rd5 40. h4 Rf5+ 41. Ke3 a5 42. bxa5 Rxa5 43. Nf6 h5 44. Kd4 Ke6 45. d7 Ke7
46. Nh7 Rd5+ 47. Kc4 Rxd7 48. Kc5 Ra7 49. Kxc6 Rxa2 50. Kd5 Rh2 51. Ke5 Rxh4
52. Nf6 Rh1 53. Nd5+ Kf7 54. Kf4 Rf1+ 0-1

[Event "España ch sub-16 2009"]
[Site "Granada ESP"]
[Date "2009.07.15"]
[Round "3.1"]
[White "Arribas Lopez, Angel"]
[Black "Navarro Lopez-Menchero, Daniel"]
[Result "1-0"]
[WhiteElo "2429"]
[BlackElo "2024"]
[PlyCount "87"]
[EventDate "2009.07.14"]
[EventType "swiss"]
[EventRounds "9"]
[EventCountry "ESP"]
[Source "lmi"]
[SourceDate "2009.07.14"]

1. e4 e6 2. d4 d5 3. e5 c5 4. Qg4 cxd4 5. Nf3 Nc6 6. Bd3 Qc7 7. Qg3 Nge7 8. O-O
Bd7 9. a3 Ng6 10. Re1 a5 11. h4 Rb8 12. Nbd2 b5 13. h5 Nge7 14. Nb3 g6 15. Bg5
b4 16. a4 Rg8 17. Bf6 Bg7 18. Bxg7 Rxg7 19. h6 Rg8 20. Ng5 Nf5 21. Bxf5 gxf5
22. f4 Ne7 23. Nxd4 Qc5 24. Qe3 Rh8 25. Nxf5 Qxe3+ 26. Nxe3 Ng6 27. f5 Ne7 28.
Rad1 b3 29. c3 Rc8 30. Rf1 Ng8 31. Nxd5 exd5 32. e6 Nxh6 33. exd7+ Kxd7 34.
Rxd5+ Kc6 35. Rxa5 Rcg8 36. Ra6+ Kb7 37. Rxh6 Rxg5 38. Rf2 Rg4 39. a5 Ra4 40.
Rb6+ Kc7 41. Rxb3 Rxa5 42. Rb4 h5 43. Rh4 Kd6 44. Kh2 1-0

[Event "España ch sub-16 2009"]
[Site "Granada ESP"]
[Date "2009.07.15"]
[Round "3.2"]
[White "Pozueta Alegria, Adrian"]
[Black "Pardo Simon, David"]
[Result "0-1"]
[WhiteElo "2022"]
[BlackElo "2321"]
[PlyCount "78"]
[EventDate "2009.07.14"]
[EventType "swiss"]
[EventRounds "9"]
[EventCountry "ESP"]
[Source "lmi"]
[SourceDate "2009.07.14"]

1. e4 c5 2. b3 d6 3. Bb2 Nc6 4. Bb5 e5 5. f4 exf4 6. Nf3 Nf6 7. Qe2 Be7 8. e5
dxe5 9. Nxe5 Qd6 10. O-O O-O 11. Bxc6 bxc6 12. Rxf4 Be6 13. Na3 Nd5 14. Rff1
Nb6 15. Nac4 Nxc4 16. Nxc4 Bxc4 17. bxc4 Bg5 18. Bc3 Rae8 19. Qf2 Re4 20. Qf5
Qe7 21. d3 Re2 22. Rae1 f6 23. Rxe2 Qxe2 24. Re1 Qxc2 25. Qe6+ Kh8 26. Qd6 Rg8
27. Ba5 Qxa2 28. Qxc5 h6 29. Bc3 Qc2 30. Ba5 Qxd3 31. Qxc6 Rb8 32. Qe6 Qa3 33.
Qf5 Qa4 34. Bc7 Re8 35. Rxe8+ Qxe8 36. h3 Qc6 37. Qc8+ Kh7 38. Qf5+ g6 39. Qc8
Bf4 0-1

[Event "España ch sub-16 2009"]
[Site "Granada ESP"]
[Date "2009.07.15"]
[Round "3.3"]
[White "Forcen Esteban, Daniel"]
[Black "Rodriguez Lapetra, Pablo"]
[Result "1/2-1/2"]
[WhiteElo "2308"]
[BlackElo "2014"]
[PlyCount "81"]
[EventDate "2009.07.14"]
[EventType "swiss"]
[EventRounds "9"]
[EventCountry "ESP"]
[Source "lmi"]
[SourceDate "2009.07.14"]

1. e4 c5 2. Nc3 Nc6 3. Nge2 Nf6 4. d4 cxd4 5. Nxd4 e5 6. Ndb5 d6 7. a4 a6 8.
Na3 Be6 9. Bg5 Be7 10. Bxf6 Bxf6 11. Nc4 Nd4 12. Ne3 Rc8 13. Bd3 Bg5 14. Ncd5
O-O 15. O-O Kh8 16. c3 Nc6 17. Bc2 Bxe3 18. Nxe3 Ne7 19. Qd3 Qc7 20. Kh1 g6 21.
f4 f5 22. Rae1 Rcd8 23. Nd5 Bxd5 24. exd5 e4 25. Qd4+ Kg8 26. g4 Qc5 27. Qxc5
dxc5 28. c4 a5 29. h4 Kf7 30. Re3 Rd6 31. Kh2 Rb6 32. b3 Rd6 33. Bd1 Rg8 34.
Rg1 Rb6 35. Reg3 Kf8 36. Kh3 Kf7 37. h5 Kf8 38. R3g2 Kf7 39. Kh4 Kf8 40. gxf5
gxf5 41. Rxg8+ 1/2-1/2

[Event "España ch sub-16 2009"]
[Site "Granada ESP"]
[Date "2009.07.15"]
[Round "3.4"]
[White "Palomo Teruel, Xavier"]
[Black "Sanchez Ibern, Marc"]
[Result "1/2-1/2"]
[WhiteElo "2014"]
[BlackElo "2289"]
[PlyCount "125"]
[EventDate "2009.07.14"]
[EventType "swiss"]
[EventRounds "9"]
[EventCountry "ESP"]
[Source "lmi"]
[SourceDate "2009.07.14"]

1. e4 c5 2. Nf3 d6 3. d4 Nf6 4. Nc3 cxd4 5. Nxd4 Nc6 6. Bg5 e6 7. Qd2 a6 8.
O-O-O Bd7 9. f4 h6 10. Bh4 g5 11. fxg5 Ng4 12. Nxc6 Bxc6 13. Be2 Ne5 14. g3 Ng6
15. Rhf1 Nxh4 16. gxh4 hxg5 17. hxg5 Be7 18. Kb1 Bxg5 19. Qd4 Rh7 20. e5 d5 21.
Qf2 Qe7 22. Bd3 Rh6 23. Ne2 O-O-O 24. Qxf7 Rxh2 25. Nd4 Bd7 26. Qxe7 Bxe7 27.
c4 Rh4 28. Nf3 Rf4 29. cxd5 exd5 30. Bc2 Bh3 31. Rf2 Rdf8 32. Rd3 Bg4 33. Rc3+
Kb8 34. Bd1 d4 35. Rb3 d3 36. Rxd3 Bf5 37. Kc2 Bb4 38. Be2 Ba5 39. Rf1 Re4 40.
Kd1 Bg4 41. Rg1 Bc7 42. Nd4 Bxe2+ 43. Nxe2 Rxe5 44. Nc3 Rf7 45. Re1 Rh5 46. Re2
Rh1+ 47. Re1 Rh2 48. Rd2 Rh3 49. Kc2 Ba5 50. Rd3 Rh2+ 51. Re2 Rh1 52. Rd1 Rh8
53. Rde1 Rc8 54. Re8 Rfc7 55. Rxc8+ Rxc8 56. Re7 Rh8 57. a4 Rh2+ 58. Re2 Rh4
59. Re4 Rh6 60. b4 Bc7 61. b5 Ba5 62. bxa6 Rc6 63. Re3 1/2-1/2

[Event "España ch sub-16 2009"]
[Site "Granada ESP"]
[Date "2009.07.15"]
[Round "3.5"]
[White "Antolin Concha, Diego"]
[Black "Martinez Ramirez, Erik"]
[Result "1-0"]
[WhiteElo "2252"]
[BlackElo "2003"]
[PlyCount "73"]
[EventDate "2009.07.14"]
[EventType "swiss"]
[EventRounds "9"]
[EventCountry "ESP"]
[Source "lmi"]
[SourceDate "2009.07.14"]

1. d4 d5 2. c4 e6 3. Nc3 f5 4. Nf3 c6 5. e3 Nf6 6. Bd3 Bd6 7. h3 O-O 8. g4 g6
9. gxf5 gxf5 10. Ne5 Nbd7 11. f4 Ne4 12. Qh5 Nxe5 13. fxe5 Be7 14. Bxe4 fxe4
15. h4 Kh8 16. Bd2 Rf5 17. Qg4 Bd7 18. Ne2 Qg8 19. Qh3 Rh5 20. O-O-O Rxh4 21.
Qxh4 Bxh4 22. Rxh4 Rf8 23. Nf4 Be8 24. Rdh1 Rxf4 25. Rxf4 Bg6 26. Rg1 Qd8 27.
Rf6 Qb6 28. Rxe6 Qa6 29. Rf6 Qxa2 30. Rff1 Qxc4+ 31. Bc3 Qd3 32. e6 Qxe3+ 33.
Bd2 Qd3 34. e7 h5 35. Rf8+ Kh7 36. Rxg6 e3 37. Rh8+ 1-0

[Event "España ch sub-16 2009"]
[Site "Granada ESP"]
[Date "2009.07.15"]
[Round "3.6"]
[White "Marquez Ortiz De Zarate, Alberto"]
[Black "Alcaraz Ortega, Javier"]
[Result "0-1"]
[WhiteElo "1956"]
[BlackElo "2241"]
[PlyCount "50"]
[EventDate "2009.07.14"]
[EventType "swiss"]
[EventRounds "9"]
[EventCountry "ESP"]
[Source "lmi"]
[SourceDate "2009.07.14"]

1. d4 Nf6 2. c4 e6 3. g3 c5 4. d5 exd5 5. cxd5 d6 6. Nc3 g6 7. Bg2 Bg7 8. Nf3
O-O 9. O-O Na6 10. Nd2 Nc7 11. a4 b6 12. Nc4 Ba6 13. Na3 Re8 14. Nab5 Bxb5 15.
axb5 Qd7 16. Qb3 Re7 17. Bd2 a6 18. bxa6 b5 19. e3 b4 20. Ne2 Qb5 21. Rfe1 Rxa6
22. Nf4 Ne4 23. Qc2 b3 24. Bf1 bxc2 25. Bxb5 Rxa1 0-1

[Event "España ch sub-16 2009"]
[Site "Granada ESP"]
[Date "2009.07.15"]
[Round "3.7"]
[White "Pruja Ramirez De Cartagena, Marc"]
[Black "Galan Martin, Alejandro"]
[Result "1-0"]
[WhiteElo "2214"]
[BlackElo "1961"]
[PlyCount "103"]
[EventDate "2009.07.14"]
[EventType "swiss"]
[EventRounds "9"]
[EventCountry "ESP"]
[Source "lmi"]
[SourceDate "2009.07.14"]

1. e4 e6 2. d4 d5 3. Nd2 Nf6 4. e5 Nfd7 5. Bd3 c5 6. c3 Nc6 7. Ngf3 cxd4 8.
cxd4 f6 9. exf6 Nxf6 10. O-O Bd6 11. Nb3 Qc7 12. Re1 O-O 13. Qe2 a5 14. Be3 Bd7
15. Rac1 b6 16. a3 Rae8 17. Bb5 Qb7 18. Nbd2 Na7 19. Bd3 Qb8 20. Ne5 Bxe5 21.
dxe5 Qxe5 22. Bxb6 Qb8 23. Bc5 Rf7 24. Nf3 Bb5 25. Ng5 Rb7 26. Nxe6 Bxd3 27.
Qxd3 Rxb2 28. Bd4 Rb6 29. Bxb6 Qxb6 30. Nf4 Rd8 31. Ne6 Re8 32. Nf4 Rd8 33. Rb1
Qd6 34. Qe3 Re8 35. Qxa7 Qxf4 36. Rxe8+ Nxe8 37. Qxa5 Qf5 38. Re1 Qd7 39. Qb6
Kf7 40. Qd4 Nf6 41. a4 Qc7 42. g3 Qb7 43. a5 Ne4 44. Qb6 Qc8 45. a6 Qc3 46. Qe3
Qa5 47. a7 h6 48. f3 Kf6 49. a8=Q Ng5 50. Qee8 Nh3+ 51. Kg2 Qd2+ 52. Kxh3 1-0

[Event "España ch sub-16 2009"]
[Site "Granada ESP"]
[Date "2009.07.15"]
[Round "3.8"]
[White "Cruz Lledo, Pablo"]
[Black "Remolar Gallen, Jose"]
[Result "1-0"]
[WhiteElo "2190"]
[BlackElo "1925"]
[PlyCount "45"]
[EventDate "2009.07.14"]
[EventType "swiss"]
[EventRounds "9"]
[EventCountry "ESP"]
[Source "lmi"]
[SourceDate "2009.07.14"]

1. d4 Nf6 2. c4 e6 3. Nc3 b6 4. e4 Bb4 5. Bd3 c5 6. d5 d6 7. Nge2 O-O 8. O-O
Bxc3 9. Nxc3 a6 10. Bg5 Nbd7 11. f4 Qc7 12. e5 dxe5 13. d6 Qb8 14. fxe5 Nxe5
15. Bxf6 gxf6 16. Rxf6 Ng6 17. Bxg6 hxg6 18. Qd3 Ra7 19. Raf1 Rd7 20. Ne4 Kg7
21. Qc3 Kg8 22. Qh3 Rxd6 23. Ng5 1-0

[Event "España ch sub-16 2009"]
[Site "Granada ESP"]
[Date "2009.07.15"]
[Round "3.9"]
[White "Sanchez Mas, Carlos"]
[Black "Bendayan Claros, Aaron"]
[Result "0-1"]
[WhiteElo "1876"]
[BlackElo "2151"]
[PlyCount "73"]
[EventDate "2009.07.14"]
[EventType "swiss"]
[EventRounds "9"]
[EventCountry "ESP"]
[Source "lmi"]
[SourceDate "2009.07.14"]

1. e4 d5 2. exd5 Qxd5 3. Nf3 Nf6 4. Nc3 Qa5 5. d4 c6 6. Bd2 Bf5 7. Bc4 e6 8.
Nd5 Qd8 9. Ne3 Bg6 10. c3 Nbd7 11. Nf1 Bd6 12. Ng3 O-O 13. Bg5 b5 14. Bb3 Qb6
15. O-O h6 16. Be3 Nd5 17. Re1 Rfd8 18. Bc2 Bxc2 19. Qxc2 Nxe3 20. Rxe3 c5 21.
Ne4 Bf4 22. Ree1 c4 23. a4 b4 24. a5 Qb5 25. cxb4 Rac8 26. Nc5 Nb8 27. Re4 Bd6
28. Ne5 Qxb4 29. Ra4 Qb5 30. Nxc4 Bxc5 31. dxc5 Rxc5 32. h3 Nc6 33. a6 Nd4 34.
Qd1 Rxc4 35. Rxc4 Qxc4 36. Kh1 Qd5 37. Qg4 0-1

[Event "España ch sub-16 2009"]
[Site "Granada ESP"]
[Date "2009.07.15"]
[Round "3.10"]
[White "Anaya Lopez, Victor Jose"]
[Black "Sanchez Urpi, Oriol"]
[Result "1-0"]
[WhiteElo "2142"]
[BlackElo "1889"]
[PlyCount "69"]
[EventDate "2009.07.14"]
[EventType "swiss"]
[EventRounds "9"]
[EventCountry "ESP"]
[Source "lmi"]
[SourceDate "2009.07.14"]

1. e4 c5 2. Nf3 d6 3. d4 cxd4 4. Nxd4 Nf6 5. Nc3 g6 6. Be3 Bg7 7. f3 Nc6 8. Qd2
O-O 9. O-O-O Nxd4 10. Bxd4 Be6 11. Kb1 a6 12. h4 b5 13. h5 Rc8 14. hxg6 fxg6
15. a3 Qa5 16. Qg5 Qc7 17. Rd2 b4 18. axb4 Rb8 19. Qa5 Qb7 20. Na2 Kh8 21. b3
Ra8 22. Bd3 Kg8 23. Bb2 Rfb8 24. Re1 Bf7 25. e5 dxe5 26. Bxe5 Rd8 27. Be4 Qc8
28. Rxd8+ Qxd8 29. Bxa8 Qxa8 30. b5 Qd5 31. Nc3 Qd2 32. Re2 Qd7 33. bxa6 Bxb3
34. a7 Bd5 35. Qxd5+ 1-0

[Event "España ch sub-16 2009"]
[Site "Granada ESP"]
[Date "2009.07.15"]
[Round "3.11"]
[White "Anaya Lopez, Gonzalo Javier"]
[Black "Montanes Arribas, Adrian"]
[Result "0-1"]
[WhiteElo "1871"]
[BlackElo "2091"]
[PlyCount "60"]
[EventDate "2009.07.14"]
[EventType "swiss"]
[EventRounds "9"]
[EventCountry "ESP"]
[Source "lmi"]
[SourceDate "2009.07.14"]

1. e4 c5 2. Nf3 d6 3. d4 cxd4 4. Qxd4 a6 5. Be3 Nc6 6. Qd2 Nf6 7. Nc3 e6 8.
O-O-O Be7 9. Rg1 b5 10. g4 b4 11. g5 Nd7 12. Ne2 Nc5 13. Ng3 Qc7 14. Kb1 a5 15.
Ne1 a4 16. f4 b3 17. cxb3 axb3 18. a3 Qa5 19. Qf2 Ba6 20. Nd3 Bxd3+ 21. Bxd3
Nxd3 22. Rxd3 Qb5 23. Rc3 Kd7 24. f5 Ne5 25. h4 Rhc8 26. Bd4 Rxc3 27. Bxc3 Qd3+
28. Ka1 Nc4 29. Bb4 Ne3 30. Qe2 Nc2+ 0-1

[Event "España ch sub-16 2009"]
[Site "Granada ESP"]
[Date "2009.07.15"]
[Round "3.12"]
[White "Vila Gonzalez, Daniel"]
[Black "Arnedo Ruiz, Alberto"]
[Result "1-0"]
[WhiteElo "2072"]
[BlackElo "1874"]
[PlyCount "69"]
[EventDate "2009.07.14"]
[EventType "swiss"]
[EventRounds "9"]
[EventCountry "ESP"]
[Source "lmi"]
[SourceDate "2009.07.14"]

1. e4 c5 2. Nf3 Nc6 3. d4 cxd4 4. Nxd4 g6 5. Nc3 Bg7 6. Nde2 Nf6 7. g3 b5 8.
Bg2 Rb8 9. O-O O-O 10. Bf4 d6 11. Nd5 Nxd5 12. exd5 Na5 13. Nd4 Bd7 14. a3 Qb6
15. c3 Rfc8 16. Bg5 Bxd4 17. cxd4 f6 18. Bh6 Rc4 19. b4 Nb7 20. Re1 Kf7 21. Bf1
Rxd4 22. Qe2 Qd8 23. Be3 Rxd5 24. Bxa7 Re5 25. Qf3 Rxe1 26. Rxe1 Qc7 27. Bxb8
Qxb8 28. Bxb5 Bxb5 29. Qd5+ Kf8 30. Qxb5 Qc7 31. Re4 Qc1+ 32. Kg2 Nd8 33. Rc4
Qb1 34. Rc8 Qe4+ 35. f3 1-0

[Event "España ch sub-16 2009"]
[Site "Granada ESP"]
[Date "2009.07.15"]
[Round "3.13"]
[White "Collado Barbas, Laura"]
[Black "Pablos Tenrero, Raquel"]
[Result "1-0"]
[WhiteElo "2055"]
[BlackElo "1870"]
[PlyCount "79"]
[EventDate "2009.07.14"]
[EventType "swiss"]
[EventRounds "9"]
[EventCountry "ESP"]
[Source "lmi"]
[SourceDate "2009.07.14"]

1. d4 d5 2. c4 c6 3. Nf3 Nf6 4. e3 e6 5. Nbd2 c5 6. b3 Nc6 7. Bb2 Bd6 8. Rc1
cxd4 9. exd4 O-O 10. Bd3 Re8 11. Ne5 Bc7 12. O-O Bd7 13. f4 Ne7 14. Ndf3 Rf8
15. Qe1 Ng6 16. Ng5 Qe7 17. Rf3 Bc6 18. c5 Rac8 19. Bxg6 fxg6 20. Qh4 Qe8 21.
Qh3 h6 22. Qxe6+ Qxe6 23. Nxe6 Rfe8 24. Nxc7 Rxc7 25. Rd1 Kh7 26. Bc1 Bb5 27.
Re1 Ne4 28. a4 Bc6 29. g4 a6 30. g5 Re6 31. f5 gxf5 32. g6+ Kg8 33. Rxf5 Rf6
34. Ref1 Be8 35. Rxf6 Nxf6 36. Bxh6 gxh6 37. Rxf6 Kg7 38. Rd6 Bc6 39. Kf2 Rc8
40. Kg3 1-0

[Event "España ch sub-16 2009"]
[Site "Granada ESP"]
[Date "2009.07.15"]
[Round "3.14"]
[White "Alonso Caamano, Ruben"]
[Black "Beltran De Heredia E., Miguel"]
[Result "1/2-1/2"]
[WhiteElo "1863"]
[BlackElo "2041"]
[PlyCount "125"]
[EventDate "2009.07.14"]
[EventType "swiss"]
[EventRounds "9"]
[EventCountry "ESP"]
[Source "lmi"]
[SourceDate "2009.07.14"]

1. Nf3 Nf6 2. g3 b5 3. Bg2 Bb7 4. d4 e6 5. O-O c5 6. Na3 Qb6 7. c4 b4 8. Nc2
Be7 9. dxc5 Bxc5 10. Be3 Na6 11. a3 Bxe3 12. Nxe3 O-O 13. Qb3 Rfc8 14. axb4
Nxb4 15. Nc2 Nxc2 16. Qxc2 Be4 17. Qc3 Rab8 18. Ne5 Bxg2 19. Kxg2 d5 20. b3 Rc7
21. Rfd1 Qxf2+ 22. Kxf2 Ne4+ 23. Ke1 Nxc3 24. Rd3 Ne4 25. cxd5 exd5 26. Rxd5 f6
27. Nf3 Rxb3 28. Nd2 Nxd2 29. Rxd2 Rcb7 30. Kf2 Rc3 31. Ra6 Kf7 32. Rda2 Rcc7
33. Kf3 g5 34. R2a3 h5 35. h3 Re7 36. R6a5 Kg6 37. Ra2 Rbc7 38. R5a3 Red7 39.
g4 hxg4+ 40. hxg4 Rh7 41. Kg3 Rhe7 42. Kf3 Rb7 43. e3 Rh7 44. Kg3 Rbc7 45. Rh2
Rxh2 46. Kxh2 Kf7 47. Kg3 Ke6 48. Ra6+ Ke5 49. Kf3 Rf7 50. Ra5+ Kd6 51. Ke4 Kc6
52. Kf5 Kb6 53. Ra1 a5 54. Kg6 Rf8 55. Kg7 Re8 56. Kxf6 Rxe3 57. Kxg5 Kb5 58.
Kf6 Rf3+ 59. Kg6 a4 60. g5 a3 61. Kh7 Rh3+ 62. Kg7 Kc6 63. g6 1/2-1/2

[Event "España ch sub-16 2009"]
[Site "Granada ESP"]
[Date "2009.07.16"]
[Round "4.1"]
[White "Bendayan Claros, Aaron"]
[Black "Arribas Lopez, Angel"]
[Result "0-1"]
[WhiteElo "2151"]
[BlackElo "2429"]
[PlyCount "62"]
[EventDate "2009.07.14"]
[EventType "swiss"]
[EventRounds "9"]
[EventCountry "ESP"]
[Source "lmi"]
[SourceDate "2009.07.14"]

1. d4 Nf6 2. Bg5 e6 3. e4 c5 4. e5 h6 5. Bc1 Nh7 6. d5 d6 7. Bb5+ Bd7 8. Qe2
Bxb5 9. Qxb5+ Qd7 10. Qxd7+ Nxd7 11. dxe6 Nxe5 12. exf7+ Kxf7 13. Nc3 Nf6 14.
Nge2 d5 15. Ng3 Nc6 16. Bd2 Re8+ 17. Nce2 Nd4 18. Kd1 Nxe2 19. Nxe2 Bd6 20. f3
d4 21. Ng3 Bxg3 22. hxg3 Re6 23. Re1 Rhe8 24. Rxe6 Rxe6 25. Be1 Nd5 26. Bf2 Nb6
27. a4 h5 28. b3 Nd5 29. Kd2 b6 30. Rh1 Kg6 31. Kd3 Nb4+ 0-1

[Event "España ch sub-16 2009"]
[Site "Granada ESP"]
[Date "2009.07.16"]
[Round "4.2"]
[White "Pardo Simon, David"]
[Black "Anaya Lopez, Victor Jose"]
[Result "1-0"]
[WhiteElo "2321"]
[BlackElo "2142"]
[PlyCount "71"]
[EventDate "2009.07.14"]
[EventType "swiss"]
[EventRounds "9"]
[EventCountry "ESP"]
[Source "lmi"]
[SourceDate "2009.07.14"]

1. e4 c5 2. Nf3 Nc6 3. d4 cxd4 4. Nxd4 Nf6 5. Nc3 e5 6. Ndb5 d6 7. Bg5 a6 8.
Na3 b5 9. Bxf6 gxf6 10. Nd5 Bg7 11. c3 f5 12. exf5 Bxf5 13. Nc2 O-O 14. Nce3
Be6 15. Bd3 f5 16. Qh5 e4 17. Bc2 Ne7 18. Rd1 Nxd5 19. Nxd5 a5 20. O-O b4 21.
f3 e3 22. Nxe3 Qb6 23. Rfe1 bxc3 24. Kh1 Qc5 25. b3 Rf6 26. f4 Raf8 27. Qf3
R6f7 28. Nd5 Bd7 29. Qh3 Kh8 30. Ne7 Rf6 31. Qd3 R8f7 32. h3 Re6 33. Nd5 Rf8
34. Re3 Rfe8 35. Qxf5 Re4 36. Qh5 1-0

[Event "España ch sub-16 2009"]
[Site "Granada ESP"]
[Date "2009.07.16"]
[Round "4.3"]
[White "Montanes Arribas, Adrian"]
[Black "Antolin Concha, Diego"]
[Result "1-0"]
[WhiteElo "2091"]
[BlackElo "2252"]
[PlyCount "91"]
[EventDate "2009.07.14"]
[EventType "swiss"]
[EventRounds "9"]
[EventCountry "ESP"]
[Source "lmi"]
[SourceDate "2009.07.14"]

1. e4 c5 2. Nf3 d6 3. d4 Nf6 4. Nc3 cxd4 5. Nxd4 a6 6. f4 e5 7. Nf3 Nbd7 8. a4
Be7 9. Bd3 O-O 10. O-O Nc5 11. Kh1 exf4 12. Bxf4 Bg4 13. Be3 Rc8 14. Qd2 Bh5
15. Nd4 Bg6 16. Nf5 d5 17. exd5 Nxd3 18. Qxd3 Re8 19. Rad1 Qd7 20. Bg5 Bd8 21.
Qh3 Re5 22. Nh6+ gxh6 23. Bxf6 Qxh3 24. gxh3 Bxf6 25. Rxf6 Bxc2 26. Rdf1 Rc7
27. Rxh6 Rd7 28. Rh4 h5 29. Kg1 Bb3 30. Rd4 Kg7 31. h4 Kg6 32. Rf2 Re1+ 33. Kg2
Re5 34. Kg1 Re1+ 35. Kg2 f5 36. Kf3 Kf6 37. Kf4 Rg7 38. h3 Rh1 39. Rb4 Bxd5 40.
Nxd5+ Ke6 41. Ne3 Rc7 42. Nxf5 Rxh3 43. Kg5 b5 44. axb5 axb5 45. Rxb5 Rh7 46.
Re2+ 1-0

[Event "España ch sub-16 2009"]
[Site "Granada ESP"]
[Date "2009.07.16"]
[Round "4.4"]
[White "Alcaraz Ortega, Javier"]
[Black "Vila Gonzalez, Daniel"]
[Result "1-0"]
[WhiteElo "2241"]
[BlackElo "2072"]
[PlyCount "133"]
[EventDate "2009.07.14"]
[EventType "swiss"]
[EventRounds "9"]
[EventCountry "ESP"]
[Source "lmi"]
[SourceDate "2009.07.14"]

1. c4 e5 2. g3 Nc6 3. Nc3 d6 4. d3 Be6 5. Bg2 Qd7 6. Rb1 g6 7. b4 Bg7 8. e3 f5
9. Nge2 Nge7 10. Qb3 O-O 11. O-O Nd8 12. Rd1 g5 13. f4 gxf4 14. exf4 Ng6 15. d4
Qf7 16. d5 Bd7 17. Be3 Qe7 18. Rd3 Nf7 19. Rf1 Kh8 20. Kh1 Nh6 21. fxe5 Nxe5
22. Rdd1 Neg4 23. Bg1 Ne3 24. Bxe3 Qxe3 25. Rf3 Qe5 26. Nf4 Ng4 27. h3 Nh6 28.
Nh5 Rae8 29. Nxg7 Kxg7 30. Rdf1 Nf7 31. h4 Qd4 32. Rf4 Qe3 33. R4f3 Qd4 34. Rd1
Qg4 35. Kh2 Ne5 36. Rf4 Qh5 37. Rdf1 Ng4+ 38. Kh1 Re3 39. Bf3 Rfe8 40. Qb2 Kg8
41. Bxg4 fxg4 42. Qf2 Rf3 43. Rxf3 gxf3 44. Qxf3 Qxf3+ 45. Rxf3 Bg4 46. Rf4 h5
47. Kg2 Re3 48. Nb5 Re2+ 49. Rf2 Re4 50. Rc2 Be2 51. Na3 c6 52. c5 dxc5 53. d6
Bd3 54. Rc3 c4 55. d7 Rd4 56. Nxc4 Be4+ 57. Kf2 Rxd7 58. Ke3 Bd5 59. Kf4 Kh7
60. Ne5 Re7 61. a3 Re8 62. Re3 Rg8 63. Kf5 Kh6 64. Nd7 Rg7 65. Nf6 Rf7 66. Re8
Rc7 67. Rh8+ 1-0

[Event "España ch sub-16 2009"]
[Site "Granada ESP"]
[Date "2009.07.16"]
[Round "4.5"]
[White "Collado Barbas, Laura"]
[Black "Pruja Ramirez De Cartagena, Marc"]
[Result "0-1"]
[WhiteElo "2055"]
[BlackElo "2214"]
[PlyCount "114"]
[EventDate "2009.07.14"]
[EventType "swiss"]
[EventRounds "9"]
[EventCountry "ESP"]
[Source "lmi"]
[SourceDate "2009.07.14"]

1. d4 Nf6 2. c4 e6 3. Nc3 Bb4 4. Qc2 c5 5. dxc5 O-O 6. Nf3 Na6 7. Bg5 Nxc5 8.
a3 Bxc3+ 9. Qxc3 Nfe4 10. Bxd8 Nxc3 11. Be7 Nb3 12. Bxf8 Kxf8 13. Rd1 Nxd1 14.
Kxd1 a5 15. Kc2 a4 16. e3 b6 17. Nd4 Nc5 18. f3 Bb7 19. Nb5 Ke7 20. Kc3 Rc8 21.
Be2 Ba6 22. Kb4 Bxb5 23. Kxb5 Kd6 24. Rc1 Kc7 25. Rd1 Ra8 26. Rd4 Nb3 27. Rd1
d6 28. f4 Nc5 29. Bf3 Re8 30. e4 e5 31. f5 Ra8 32. Kb4 Kc6 33. Rd2 Nb3 34. Rd3
Nc1 35. Kc3 Nxd3 36. Kxd3 b5 37. Kc3 Kc5 38. Be2 bxc4 39. Bxc4 Ra7 40. g4 f6
41. h4 g6 42. Be6 gxf5 43. Bxf5 d5 44. exd5 Kxd5 45. Kd3 h6 46. h5 Ra6 47. Be4+
Kc5 48. Kc3 Rd6 49. b4+ axb3 50. Kxb3 Rd4 51. Bf5 e4 52. Kc3 e3 53. Bd3 Rxg4
54. Be2 Rd4 55. Bf3 f5 56. Be2 f4 57. Bf3 Rd2 0-1

[Event "España ch sub-16 2009"]
[Site "Granada ESP"]
[Date "2009.07.16"]
[Round "4.6"]
[White "Gutierrez Valero, Mario"]
[Black "Cruz Lledo, Pablo"]
[Result "0-1"]
[WhiteElo "2024"]
[BlackElo "2190"]
[PlyCount "72"]
[EventDate "2009.07.14"]
[EventType "swiss"]
[EventRounds "9"]
[EventCountry "ESP"]
[Source "lmi"]
[SourceDate "2009.07.14"]

1. d4 d5 2. Nf3 c6 3. c4 Nf6 4. Qb3 dxc4 5. Qxc4 Bf5 6. g3 e6 7. Bg2 Nbd7 8.
O-O Be7 9. Nc3 Ne4 10. Re1 O-O 11. Qb3 Qb6 12. Nh4 Bxh4 13. Qxb6 axb6 14. gxh4
Nxc3 15. bxc3 Bc2 16. e4 Bb3 17. Re2 b5 18. Rb2 Bc4 19. Bf1 Nb6 20. Bxc4 Nxc4
21. Rb4 Ra6 22. a3 Rfa8 23. Rb3 h5 24. Kf1 e5 25. Ke2 f6 26. f3 Kf7 27. Kd3 Ke6
28. h3 Ra4 29. d5+ Kd6 30. dxc6 bxc6 31. Rb4 R4a5 32. a4 c5 33. Rbb1 Nb6 34.
Ba3 Nxa4 35. c4 b4 36. Bc1 Nc3 0-1

[Event "España ch sub-16 2009"]
[Site "Granada ESP"]
[Date "2009.07.16"]
[Round "4.7"]
[White "Sanchez Ibern, Marc"]
[Black "Rivas Crespo, Alexander"]
[Result "0-1"]
[WhiteElo "2289"]
[BlackElo "2030"]
[PlyCount "100"]
[EventDate "2009.07.14"]
[EventType "swiss"]
[EventRounds "9"]
[EventCountry "ESP"]
[Source "lmi"]
[SourceDate "2009.07.14"]

1. d4 Nf6 2. Nc3 d5 3. Bg5 Bf5 4. f3 Nc6 5. a3 Qd7 6. Qd2 e6 7. O-O-O Be7 8. e3
O-O-O 9. Nge2 h6 10. Bh4 g5 11. Bf2 Bg6 12. h4 Na5 13. Ng3 Qc6 14. h5 Bh7 15.
Bb5 Qb6 16. Qe2 c6 17. Ba4 Qc7 18. e4 Nd7 19. exd5 cxd5 20. Bxd7+ Rxd7 21. Qe5
Rg8 22. Qxc7+ Rxc7 23. Nge2 a6 24. Kb1 b5 25. Be1 Nc4 26. Nc1 Ne3 27. Rd2 Bxa3
28. Re2 Nxc2 29. bxa3 Nxe1+ 30. Kb2 Nd3+ 31. Nxd3 Bxd3 32. Rf2 Kd7 33. Rd1 Bc4
34. Rdd2 f5 35. g4 fxg4 36. fxg4 Ke7 37. Nb1 Rcc8 38. Rc2 Rgf8 39. a4 bxa4 40.
Ka3 Rxf2 41. Rxf2 Bb5 42. Nd2 Rc3+ 43. Kb4 Rg3 44. Nf3 Rxg4 45. Ne5 Rxd4+ 46.
Kc5 Re4 47. Ng6+ Kd8 48. Rf8+ Kc7 49. Rf7+ Bd7 50. Ne5 Rxe5 0-1